00442cam a2200157ua 450000100060000000800390000602000180004504000090006308200080007210000300008024500660011025000120017626000480018830000100023665300380024610272180223n ii |||gr||||Z||||||eng a9780195672640 cMAIN a820 aSanders, Andrew,eAuthor. aShort Oxford history of English literaturecBy Andrew Sanders a3rd ed. aNew Delhi:bOxford university press,c2005. a756p. aEnglish & Old English literatures